Normal view
MARC view
Entry Personal Name
001 - CONTROL NUMBER
- control field: 56099
003 - CONTROL NUMBER IDENTIFIER
- control field: OSt
005 - DATE AND TIME OF LATEST TRANSACTION
- control field: 20160511125125.0
008 - FIXED-LENGTH DATA ELEMENTS
- fixed length control field: 160511|| aca||aabn | a|a d
040 ## - CATALOGING SOURCE
- Original cataloging agency: OSt
- Transcribing agency: OSt
100 ## - HEADING--PERSONAL NAME
- Personal name: चतुर्वेदी, नंद
670 ## - SOURCE DATA FOUND
- Source citation: Work cat.: (OSt)19866: चतुर्वेदी, नंद , ईमानदार दुनिया के लिए , 1994









